000 00545cam a2200145 4500500
005 20251012005046.0
041 _afre
042 _adc
100 1 0 _aProtais, Baptiste
_eauthor
245 0 0 _aPhilippe Le Guillou, Notre-Dame de l’univers, L’univers de Notre-Dame. Gallimard, «Blanche», 2024, 272 páginas, 21 €.
260 _c2025.
500 _a83
786 0 _nÉtudes | Avril | 4 | 2025-03-24 | p. 126-127
856 4 1 _uhttps://shs.cairn.info/revista-etudes-2025-4-page-113-etudes-2025-4-page-126?lang=es&redirect-ssocas=7080
999 _c1516473
_d1516473